National income accouts, 1958 and financial transaction accouts 1956 - 58
Wedi'i Gadw mewn:
| Prif Awdur: | |
|---|---|
| Fformat: | Llyfr |
| Iaith: | Undetermined |
| Cyhoeddwyd: |
Tokyo
Economic Research Institute
1958
|
| Pynciau: | |
| Tagiau: |
Ychwanegu Tag
Dim Tagiau, Byddwch y cyntaf i dagio'r cofnod hwn!
|
| Thư viện lưu trữ: | Trung tâm Học liệu Trường Đại học Cần Thơ |
|---|
| LEADER | 00519nam a2200169Ia 4500 | ||
|---|---|---|---|
| 001 | CTU_77842 | ||
| 008 | 210402s9999 xx 000 0 und d | ||
| 082 | |a 338.9 | ||
| 082 | |b O.36 | ||
| 100 | |a Kazushi, Ohkawa | ||
| 245 | 0 | |a National income accouts, 1958 and financial transaction accouts 1956 - 58 | |
| 245 | 0 | |c Kazushi Ohkawa | |
| 260 | |a Tokyo | ||
| 260 | |b Economic Research Institute | ||
| 260 | |c 1958 | ||
| 650 | |a Development economic,Economic plans | ||
| 980 | |a Trung tâm Học liệu Trường Đại học Cần Thơ | ||